Non-fictional Indian prose in english/ (Record no. 152491)

MARC details
000 -LEADER
fixed length control field 00549nam a22001817a 4500
005 - DATE AND TIME OF LATEST TRANSACTION
control field 20180601143059.0
010 ## - LCCN (DPL NO)
LC control number A-937300
020 ## - INTERNATIONAL STANDARD BOOK NUMBER
International Standard Book Number 8126002948
Terms of availability 100.00
035 ## - SYSTEM CONTROL NUMBER
System control number A-937300
037 ## - SOURCE OF ACQUISITION
Source of stock number/acquisition BPPD/PUB
082 ## - DEWEY DECIMAL CLASSIFICATION NUMBER
Classification number 880.8
245 ## - TITLE STATEMENT
Title Non-fictional Indian prose in english/
Statement of responsibility, etc edited by Shyamala A. Narayan
260 ## - PUBLICATION, DISTRIBUTION, ETC. (IMPRINT)
Place of publication, distribution, etc Delhi
Name of publisher, distributor, etc Sahitya Akademi
Date of publication, distribution, etc 1998
270 ## - ADDRESS
Address Rabindra Bhawan, 35, Ferozeshah Road
City Delhi
Postal code 110001
300 ## - PHYSICAL DESCRIPTION
Extent xxiv, 224p.
Dimensions 22cm(Hb)
700 ## - ADDED ENTRY--PERSONAL NAME
Personal name Narayan, Shyamala A.
942 ## - ADDED ENTRY ELEMENTS (KOHA)
Source of classification or shelving scheme Dewey Decimal Classification
Item type English Books
Call number suffix NON
Classification part 880.8
Holdings
Withdrawn status Lost status Not for loan Collection code Home library Current library Date acquired Source of acquisition Cost, normal purchase price Full call number Barcode Cost, replacement price Koha item type
      Non-fiction Shahdara Branch Shahdara Branch 01/06/2018 BPPD/PUB 100.00 880.8 NON A-937300 100.00 English Books

© Delhi Public Library
Hit Counter
free hit counter